000 00339 a2200145 4500
001 153539
040 _cEscola São Tomás de Aquino
100 _aVAZ, Fernando
240 1 0 _aÉ proibido ser diferente!
_lpor
245 1 0 _aÉ proibido ser diferente!
362 0 _a2001
440 1 _aFTD
697 _a*LITERATURA JUVENIL
942 _cBK
999 _c153539
_d153539